00926nam a2200217 a 450000100100000000500170001000800410002702000150006804000250008308200140010824501150012226000700023730000320030749000330033950000740037253300600044670000330050683000400053995201120057999900170069100004152620201002035625.0131009s1988 sp a 000 0 spa d a8400068548 aDO-SdBNPbspacBNPHU axxxbN28500aIgnacio Bolívar y las ciencias naturales en España /cpresentación y apéndice de Alberto Gomis Blanco. aMadridaConsejo Superior de Investigaciones Científicas,c1988. axv, 205 p. :bil. ;c22 cm.1 aEstudios sobre la cienciav4 aIncluye referencias bibliográficas y notas al pie de las páginas. aFacsímilbMadridcImprenta Clásica Españolad192112aGomis Blanco, Alberto968250 0aEstudios sobre la ciencian4968251 001050718MOaGRbGRcCTd2013-10-09iLF1l0oxxx N285p41526-10r2020-06-25w2020-06-25y1ZNo se presta c41016d41016